000 00946cam a2200253 a 4500
001 15598320
003 OSt
005 20230208153148.0
008 090126s2009 miu b 000 0 eng
010 _a 2009002842
020 _a9780825424298
040 _aDLC
_cDLC
_dDLC
050 0 0 _aBV4012.2
_b.C88 2009
100 1 _aCutrer, William,
_d1951-
245 1 4 _aThe church leader's handbook :
_ba guide to counseling families and individuals in crisis /
_cWilliam Cutrer.
260 _aGrand Rapids, MI :
_bKregel Publications,
_c2009.
300 _a171 p. ;
_c22 cm.
504 _aIncludes bibliographical references.
650 0 _aPastoral counseling.
650 0 _aCrisis intervention (Mental health services)
906 _a7
_bcbc
_corignew
_d1
_eecip
_f20
_gy-gencatlg
942 _2lcc
_cBK
999 _c19973
_d19972